| Tag |
First Indicator |
Second Indicator |
Subfields |
| LEADER |
00000cam a2200000Mi 4500 |
| 001 |
in00003573521 |
| 006 |
m o d |
| 007 |
cr mnu---uuaaa |
| 008 |
121227s2000 gw a o 000 0 eng |
| 005 |
20260420204546.9 |
| 019 |
|
|
|a 858929097
|
| 020 |
|
|
|a 9783642596841 (electronic bk.)
|
| 020 |
|
|
|a 3642596843 (electronic bk.)
|
| 020 |
|
|
|z 9783642640834
|
| 020 |
|
|
|z 3642640834
|
| 024 |
7 |
|
|a 10.1007/978-3-642-59684-1
|2 doi
|
| 035 |
|
|
|a (OCoLC)851792795
|z (OCoLC)858929097
|
| 040 |
|
|
|a AU@
|b eng
|c AU@
|d OCLCO
|d OCLCQ
|d UV0
|d GW5XE
|d OCLCF
|d UtOrBLW
|
| 049 |
|
|
|a TXAM
|
| 050 |
|
4 |
|a RE1-994
|
| 072 |
|
7 |
|a MJQ
|2 bicssc
|
| 072 |
|
7 |
|a MED063000
|2 bisacsh
|
| 082 |
0 |
4 |
|a 617.7
|2 23
|
| 100 |
1 |
|
|a Severin, Maria.
|
| 245 |
1 |
0 |
|a Penetrating Keratoplasty :
|b Diagnosis and Treatment of Postoperative Complications /
|c by Maria Severin, Karl Ulrich Bartz-Schmidt.
|
| 264 |
|
1 |
|a Berlin, Heidelberg :
|b Springer Berlin Heidelberg,
|c 2000.
|
| 300 |
|
|
|a 1 online resource (x, 146 pages 161 illustrations in color.)
|
| 336 |
|
|
|a text
|b txt
|2 rdacontent
|
| 337 |
|
|
|a computer
|b c
|2 rdamedia
|
| 338 |
|
|
|a online resource
|b cr
|2 rdacarrier
|
| 520 |
|
|
|a The success of penetrating keratoplasty is decisively influenced by the ophthalmological follow-up treatment. Analysis is made difficult by the many and varied causes of complications following corneal graft. This extremely well organized and superbly illustrated atlas will assist the ophthalmological practitioner in reaching the correct diagnosis, a decisive factor in planning postoperative therapy and prognosis. The book offers an overall picture of complications including very rare and late complications.
|
| 500 |
|
|
|a Electronic resource.
|
| 650 |
|
0 |
|a Medicine.
|
| 650 |
|
0 |
|a Ophthalmology.
|
| 650 |
|
0 |
|a Surgery.
|
| 650 |
|
7 |
|a Medicine.
|2 fast
|0 (OCoLC)fst01014893
|
| 650 |
|
7 |
|a Ophthalmology.
|2 fast
|0 (OCoLC)fst01046503
|
| 650 |
|
7 |
|a Surgery.
|2 fast
|0 (OCoLC)fst01139351
|
| 655 |
|
7 |
|a Electronic books.
|2 local
|
| 700 |
1 |
|
|a Bartz-Schmidt, Karl Ulrich.
|
| 710 |
2 |
|
|a SpringerLink (Online service)
|
| 776 |
1 |
8 |
|i Print version:
|z 9783642640834
|
| 856 |
4 |
0 |
|u http://proxy.library.tamu.edu/login?url=https://link.springer.com/10.1007/978-3-642-59684-1
|z Connect to the full text of this electronic book
|t 0
|
| 994 |
|
|
|a 92
|b TXA
|
| 999 |
|
|
|a MARS
|
| 999 |
f |
f |
|s 7711f790-84cf-3ef4-80ef-b12e5e55c263
|i 526f9a00-ed9c-3ee7-9777-e62d6f3aa80a
|t 0
|
| 952 |
f |
f |
|a Texas A&M University
|b College Station
|c Electronic Resources
|s www_evans
|d Available Online
|t 0
|e RE1-994
|h Library of Congress classification
|
| 998 |
f |
f |
|a RE1-994
|t 0
|l Available Online
|